Sello de excelencia en diseño 2014

Na minha lista:
Detalhes bibliográficos
Autor principal: Garfias Arze, Hernán (Author)
Formato: Livro
Idioma:espanhol
Publicado em: Santiago Consejo Nacional de la Cultura y las Artes 2015
Edição:1a. ed
Assuntos:
Tags: Adicionar Tag
Sem tags, seja o primeiro a adicionar uma tag!

MARC

LEADER 00000cam a2200000 a 4500
001 UCD1966
003 CL-VaPUC
008 160407e20150000cl |||||||||||||||||spa|d
020 |a 9789563521221 
082 0 4 |a 741.6  |b GAR  |2 21 
100 |a Garfias Arze, Hernán  |e author  |9 822274 
245 1 0 |a Sello de excelencia en diseño 2014 
250 |a 1a. ed 
300 |a 87 p 
942 |c BK 
945 |d 20160407 22:06:00  |a arojas 
260 |a Santiago  |b Consejo Nacional de la Cultura y las Artes  |c 2015 
650 0 |a Diseño gráfico  |9 266874 
650 7 |a PREMIOS  |2 CL-VaPUC  |9 401325 
651 7 |a CHILE  |2 CL-VaPUC  |9 585149 
583 |a last modification  |c 20160407 22:06:00  |k Rodrigo Vera 
999 |c 363174  |d 363172 
952 |0 0  |1 0  |3 erd  |4 0  |6 741_600000000000000_GAR_2015  |7 0  |8 A  |9 475025  |a BIBARQ  |b BIBARQ  |i 5269202  |o 741.6 GAR 2015  |p 5269202  |r 2025-01-20  |w 2019-11-24  |y BK  |z Catalogado en:20160407  |k ARQ 
952 |0 0  |1 0  |3 erd  |4 0  |6 741_600000000000000_GAR_2015  |7 0  |8 A  |9 475026  |a BIBARQ  |b BIBARQ  |i 5269210  |o 741.6 GAR 2015  |p 5269210  |r 2025-01-20  |w 2019-11-24  |y BK  |z Catalogado en:20160407  |k ARQ